000 00366nam a2200133Ia 4500
005 20251222143154.0
008 251222s9999||||xx |||||||||||||| ||spa||
020 _a2-86-545-075-9
082 _a759.44/F81
100 _aKlein, Yves
245 0 _aFrance XX. Biennale Internationale De Sao Paulo
264 _bAssociation Francaise d' Action Artistique
942 _cLIB
999 _c12812
_d12812